[Event "Africa-ch"]
[Site "Giza"]
[Date "2023.05.09"]
[Round "5"]
[White "Msellek, Ilyass"]
[Black "Hany Kamal, Mohamed"]
[Result "0-1"]
[WhiteElo "2420"]
[BlackElo "2227"]
[PlyCount "78"]
[EventDate "2023.05.06"]
[EventType "swiss"]
[EventRounds "9"]
[EventCountry "EGY"]
[SourceTitle "CBM 214 Extra"]
[Source "ChessBase"]
[SourceDate "2023.07.31"]
[SourceVersion "1"]
[SourceVersionDate "2023.07.31"]
[SourceQuality "1"]

1. e4 c6 2. d4 d5 3. e5 Bf5 4. h4 h5 5. Bd3 Bxd3 6. Qxd3 e6 7. Bg5 Qa5+ 8. Nd2 Qa6 9. c4 Bb4 10. b3 Ne7 11. Ne2 Nd7 12. 0-0 f6 13. Nf4 0-0-0 14. exf6 gxf6 15. Nxe6 fxg5 16. Nxd8 Kxd8 17. Nf3 gxh4 18. a3 Bd6 19. Ng5 Rg8 20. Nf7+ Kc7 21. Nxd6 Kxd6 22. c5+ Kc7 23. Qe3 Ng6 24. Rfe1 Rf8 25. a4 Nf4 26. Qe7 Rf6 27. Re3 Qa5 28. Rae1 Ng6 29. Qe8 Qd2 30. R1e2 Qd1+ 31. Re1 Qxd4 32. b4 Qd2 33. R3e2 Qxb4 34. Qa8 Rf8 35. Qxa7 Qxc5 36. Qxc5 Nxc5 37. a5 d4 38. Rc1 d3 39. Rb2 Rd8 0-1

[Event "Africa-ch"]
[Site "Giza"]
[Date "2023.05.07"]
[Round "2"]
[White "Hany Kamal, Mohamed"]
[Black "Fawzy, Adham"]
[Result "0-1"]
[WhiteElo "2227"]
[BlackElo "2495"]
[PlyCount "83"]
[EventDate "2023.05.06"]
[EventType "swiss"]
[EventRounds "9"]
[EventCountry "EGY"]
[SourceTitle "CBM 214 Extra"]
[Source "ChessBase"]
[SourceDate "2023.07.31"]
[SourceVersion "1"]
[SourceVersionDate "2023.07.31"]
[SourceQuality "1"]

1. d4 Nf6 2. c4 e6 3. Nc3 Bb4 4. e3 0-0 5. Nge2 c6 6. g3 d5 7. cxd5 exd5 8. Bg2 Re8 9. 0-0 Bf5 10. Bd2 Bd6 11. f3 Bd3 12. Re1 Nbd7 13. Nc1 Bc4 14. e4 Qb6 15. Nb3 dxe4 16. fxe4 Bxb3 17. Qxb3 Qxd4+ 18. Be3 Qb4 19. Qxb4 Bxb4 20. Bd4 Bc5 21. Bxc5 Nxc5 22. b4 Nd3 23. Red1 Ne5 24. a4 a5 25. Rab1 Nfd7 26. b5 Nc5 27. Bf1 Kf8 28. Be2 Red8 29. Kf2 Ke7 30. Ke3 f6 31. Rdc1 Rac8 32. Rd1 Rxd1 33. Rxd1 Rd8 34. Rb1 Ncd3 35. bxc6 Nc4+ 36. Kf3 Nd2+ 37. Ke3 Nxb1 38. Nd5+ Rxd5 39. exd5 Nc5 40. Kd4 Kd6 41. Bf3 bxc6 42. dxc6 0-1

[Event "Arab-ch U20"]
[Site "Baghdad"]
[Date "2022.03.12"]
[Round "4"]
[White "Hany Kamal, Mohamed"]
[Black "Elier, Ali"]
[Result "0-1"]
[WhiteElo "2087"]
[BlackElo "2146"]
[PlyCount "44"]
[EventDate "2022.03.10"]
[EventType "tourn"]
[EventRounds "9"]
[EventCountry "IRQ"]
[SourceTitle "EXT 2023"]
[Source "ChessBase"]
[SourceDate "2022.10.05"]
[SourceVersion "1"]
[SourceVersionDate "2022.10.05"]
[SourceQuality "1"]

1. d4 d5 2. c4 e6 3. Nc3 c5 4. Nf3 Nf6 5. Bg5 cxd4 6. Nxd4 e5 7. Ndb5 a6 8. Nxd5 axb5 9. Nxf6+ Qxf6 10. Bxf6 Bb4+ 11. Qd2 Bxd2+ 12. Kxd2 gxf6 13. cxb5 Ke7 14. e3 Rd8+ 15. Kc3 Bf5 16. Bc4 Nd7 17. f3 Nb6 18. Bb3 Na4+ 19. Bxa4 Rxa4 20. e4 Be6 21. b3 Rc8+ 22. Kb2 Rb4 0-1

[Event "Arab-ch U20"]
[Site "Baghdad"]
[Date "2022.03.11"]
[Round "2"]
[White "Hany Kamal, Mohamed"]
[Black "Rebaz, Nasir Jamal"]
[Result "1-0"]
[WhiteElo "2087"]
[BlackElo "1952"]
[PlyCount "69"]
[EventDate "2022.03.10"]
[EventType "tourn"]
[EventRounds "9"]
[EventCountry "IRQ"]
[SourceTitle "EXT 2023"]
[Source "ChessBase"]
[SourceDate "2022.10.05"]
[SourceVersion "1"]
[SourceVersionDate "2022.10.05"]
[SourceQuality "1"]

1. d4 d5 2. c4 e6 3. Nc3 Nf6 4. cxd5 exd5 5. Bg5 Be7 6. Qc2 c6 7. e3 Nbd7 8. Bd3 0-0 9. Nge2 Re8 10. 0-0 Nf8 11. Rad1 Ng6 12. f3 h6 13. Bxf6 Bxf6 14. Bxg6 fxg6 15. e4 g5 16. e5 Be7 17. f4 gxf4 18. Nxf4 Bg4 19. Rde1 Bh4 20. g3 Bg5 21. Qb3 Qb6 22. Qxb6 axb6 23. h4 Be7 24. a3 Kh7 25. Kg2 Rf8 26. Nd1 Bf5 27. Ne3 Be4+ 28. Kh3 Ra4 29. Ne6 Rxf1 30. Rxf1 Kg8 31. Nf5 Bxf5+ 32. Rxf5 Rc4 33. Nf4 Rxd4 34. Ng6 Bc5 35. b4 1-0